| 000 | 00439nam a22001697a 4500 | ||
|---|---|---|---|
| 003 | LK-CoMWRAF | ||
| 005 | 20231119000039.0 | ||
| 008 | 231118b |||||||| |||| 00| 0 eng d | ||
| 040 |
_aLK-CoMWRAF _dLK-CoMWRAF _eLK-CoMWRAF |
||
| 041 | _aeng | ||
| 082 |
_a820 _bGOO |
||
| 100 | _aGoonetilleke, D. C. R. A. | ||
| 245 | _afirst steps to literary criticism | ||
| 260 |
_aColombo : _bLahe house, |
||
| 650 | _aLiterary criticism | ||
| 942 | _cBK | ||
| 999 |
_c4148 _d4148 |
||